[Event "EU-Cup 39th"]
[Site "Vrnjacka Banja"]
[Date "2024.10.26"]
[Round "7.18"]
[White "Van Beek, Alexander"]
[Black "Sawatzki, Frank"]
[Result "1/2-1/2"]
[WhiteElo "2304"]
[BlackElo "2354"]
[PlyCount "125"]
[EventDate "2024.10.20"]
[EventType "team-swiss"]
[EventRounds "7"]
[EventCountry "SRB"]
[SourceTitle "CB45_2024"]
[Source "ChessBase"]
[SourceDate "2024.11.06"]
[SourceVersion "1"]
[SourceVersionDate "2024.11.06"]
[SourceQuality "1"]
[WhiteTeam "Erkenschwick"]
[BlackTeam "St Pauli"]
[WhiteTeamCountry "GER"]
[BlackTeamCountry "GER"]

1. e4 c5 2. Nf3 Nc6 3. c3 Nf6 4. e5 Nd5 5. Bc4 Nb6 6. Bb3 c4 7. Bc2 d5 8. exd6 Qxd6 9. 0-0 Bg4 10. h3 Bh5 11. Re1 0-0-0 12. b3 Qf6 13. Be4 Ne5 14. g4 Nxf3+ 15. Qxf3 Qxf3 16. Bxf3 Bg6 17. Na3 e6 18. Nxc4 Nxc4 19. bxc4 Bd3 20. a4 h5 21. gxh5 Bd6 22. a5 a6 23. Ra4 Bf4 24. Rb4 Rd7 25. c5 e5 26. c6 bxc6 27. Bxc6 Rc7 28. Be4 Rd7 29. Rb6 Rxh5 30. Ba3 Rg5+ 31. Bg2 e4 32. Kh1 f5 33. Bc5 Bxd2 34. Rg1 Bf4 35. Bf1 Rh5 36. Kg2 g5 37. Be3 Bc7 38. Rxa6 Bxa6 39. Bxa6+ Kd8 40. Bb5 Bxa5 41. Bxd7 Kxd7 42. Rd1+ Ke6 43. c4 f4 44. Rd5 Bc7 45. Bd2 Be5 46. Rb5 f3+ 47. Kg1 Rxh3 48. Bxg5 Bh2+ 49. Kf1 Be5 50. Kg1 Rh7 51. Rb6+ Kf5 52. Bh6 Ra7 53. Rb1 Ra2 54. Be3 Rc2 55. Rc1 Rxc1+ 56. Bxc1 Bd4 57. Bh6 Ke6 58. Bf4 Kd7 59. Kf1 Kc6 60. Bh6 Kc5 61. Bc1 Kxc4 62. Ke1 Kd3 63. Bh6 1/2-1/2

[Event "EU-Cup 39th"]
[Site "Vrnjacka Banja"]
[Date "2024.10.20"]
[Round "1.4"]
[White "Van Beek, Alexander"]
[Black "Murzin, Volodar"]
[Result "0-1"]
[WhiteElo "2304"]
[BlackElo "2648"]
[PlyCount "118"]
[EventDate "2024.10.20"]
[EventType "team-swiss"]
[EventRounds "7"]
[EventCountry "SRB"]
[SourceTitle "CB44_2024"]
[Source "Chessbase"]
[SourceDate "2024.10.30"]
[SourceVersion "1"]
[SourceVersionDate "2024.10.30"]
[SourceQuality "1"]
[WhiteTeam "Erkenschwick"]
[BlackTeam "Turkish Airlines"]
[WhiteTeamCountry "GER"]
[BlackTeamCountry "TUR"]

1. e4 c5 2. Nf3 e6 3. g3 Nc6 4. Bg2 Nf6 5. Qe2 Be7 6. e5 Nd5 7. 0-0 0-0 8. Rd1 f6 9. c3 fxe5 10. Nxe5 Qc7 11. d4 cxd4 12. Nxc6 bxc6 13. cxd4 Qb6 14. Nc3 Ba6 15. Qc2 Rf7 16. Nxd5 cxd5 17. Be3 Rb8 18. Rdc1 Bd6 19. Rab1 Rff8 20. Qd2 Bc4 21. b3 Ba6 22. Bf1 Ba3 23. Rc2 Rfc8 24. Bd3 Rxc2 25. Qxc2 Bxd3 26. Qxd3 Qc6 27. Re1 Rc8 28. Re2 a6 29. h4 Be7 30. Re1 Ba3 31. Re2 Qb5 32. Qxb5 axb5 33. Kf1 Kf7 34. Ke1 Kg6 35. Kd1 Kf5 36. f3 Rc3 37. g4+ Kg6 38. h5+ Kf7 39. Kd2 b4 40. Re1 d6 41. f4 e5 42. fxe5 dxe5 43. dxe5 Ke6 44. Bd4 Rh3 45. Rf1 Rh4 46. Rf4 Rh2+ 47. Kd3 Bc1 48. Rf2 Rh3+ 49. Kc2 Bg5 50. Bb2 Rg3 51. a3 bxa3 52. Bxa3 d4 53. Rf1 d3+ 54. Kd1 d2 55. Bb4 Rxb3 56. Bxd2 Rb1+ 57. Ke2 Rb2 58. Rf5 Rxd2+ 59. Ke1 Rd5 0-1

[Event "Oberliga NRW 2223"]
[Site "Germany"]
[Date "2022.09.25"]
[Round "2.7"]
[White "Schaffarczyk, Andre"]
[Black "Van Beek, Alexander"]
[Result "1/2-1/2"]
[WhiteElo "2129"]
[BlackElo "2294"]
[PlyCount "104"]
[EventDate "2022.09.11"]
[EventType "team-tourn"]
[EventRounds "9"]
[EventCountry "GER"]
[SourceTitle "EXT 2025"]
[Source "ChessBase"]
[SourceDate "2024.10.14"]
[SourceVersion "1"]
[SourceVersionDate "2024.10.14"]
[SourceQuality "1"]
[WhiteTeam "Lieme"]
[BlackTeam "Erkenschwick"]
[WhiteTeamCountry "GER"]
[BlackTeamCountry "GER"]

1. e4 e5 2. Nf3 Nc6 3. Bc4 Bc5 4. c3 Nf6 5. d4 exd4 6. b4 Be7 7. e5 Ne4 8. b5 Na5 9. Bd3 Nc5 10. cxd4 Nxd3+ 11. Qxd3 d5 12. exd6 cxd6 13. 0-0 0-0 14. Bf4 Be6 15. Nbd2 Rc8 16. d5 Bg4 17. Rac1 Qd7 18. Nd4 Rc5 19. h3 Bh5 20. Qf5 Qc8 21. Ne4 Bg6 22. Qxc8 Rcxc8 23. Nxd6 Rcd8 24. N4f5 Bf6 25. Rfd1 Rd7 26. Ne3 Rfd8 27. Ndc4 Nxc4 28. Rxc4 Be7 29. d6 Bf8 30. Kf1 f6 31. Ke2 Kf7 32. Rc7 Ke6 33. Nc4 Be4 34. Na5 g5 35. Be3 Bxg2 36. Bxa7 Bxd6 37. Rc3 Bd5 38. Bb6 Ra8 39. Re3+ Be5 40. a4 h5 41. Red3 g4 42. hxg4 hxg4 43. Ke1 Rh8 44. Kd2 Rh3 45. Kc1 Bc3 46. Nb3 Bxb3 47. Rxd7 Bxd1 48. Rxd1 Be5 49. Rd8 Ra3 50. a5 Rb3 51. a6 bxa6 52. bxa6 Rxb6 1/2-1/2

[Event "Oberliga NRW 2122"]
[Site "Germany"]
[Date "2022.05.08"]
[Round "9.5"]
[White "Van Beek, Alexander"]
[Black "Sandkamp, Ralph"]
[Result "1/2-1/2"]
[WhiteElo "2305"]
[BlackElo "2251"]
[PlyCount "124"]
[EventDate "2021.10.31"]
[EventType "team-tourn"]
[EventRounds "9"]
[EventCountry "GER"]
[SourceTitle "EXT 2023"]
[Source "ChessBase"]
[SourceDate "2022.10.05"]
[SourceVersion "1"]
[SourceVersionDate "2022.10.05"]
[SourceQuality "1"]
[WhiteTeam "Erkenschwick"]
[BlackTeam "Wattenscheid"]
[WhiteTeamCountry "GER"]
[BlackTeamCountry "GER"]

1. e4 c5 2. Nf3 g6 3. c3 Bg7 4. d4 cxd4 5. cxd4 d5 6. e5 Nc6 7. Bb5 Bd7 8. Nc3 a6 9. Ba4 b5 10. Bb3 e6 11. h4 h5 12. 0-0 Nge7 13. Bg5 Qb6 14. Bc2 Rc8 15. Ne2 Nf5 16. Rc1 0-0 17. Qd2 Qa5 18. Qxa5 Nxa5 19. Nf4 Nh6 20. Nd3 Nb7 21. b4 Nf5 22. Nc5 Nxc5 23. dxc5 Bc6 24. Rfe1 Rfe8 25. Rcd1 Bb7 26. a4 bxa4 27. Bxa4 Bc6 28. Ra1 Bf8 29. Ra2 Be7 30. Rea1 Bxg5 31. hxg5 Bxa4 32. Rxa4 Rb8 33. Ne1 Nd4 34. Nd3 Nc6 35. Kf1 Rb5 36. Rxa6 Nxb4 37. Rb6 Rxb6 38. cxb6 Nxd3 39. b7 Nc5 40. Ra8 Nxb7 41. Rxe8+ Kg7 42. Ke2 Nc5 43. f3 Nd7 44. f4 Nc5 45. Kf3 Ne4 46. g4 hxg4+ 47. Kxg4 Nd2 48. Ra8 Ne4 49. Kf3 Nd2+ 50. Ke3 Ne4 51. Kd3 Ng3 52. Kc2 Ne2 53. Ra4 d4 54. Kd2 Nxf4 55. Rxd4 Nd5 56. Kd3 Kf8 57. Kc4 Ke7 58. Kc5 Ne3 59. Kc6 Nf5 60. Ra4 Ke8 61. Rb4 Ne7+ 62. Kd6 Nf5+ 1/2-1/2

[Event "NRW Cup Final"]
[Site "Germany"]
[Date "2019.07.06"]
[Round "1.4"]
[White "Van Beek, Alexander"]
[Black "Schimnatkowski, Lukas"]
[Result "1-0"]
[WhiteElo "2274"]
[BlackElo "2144"]
[PlyCount "73"]
[EventDate "2019.07.06"]
[EventType "team-k.o."]
[EventRounds "2"]
[EventCountry "GER"]
[SourceTitle "EXT 2023"]
[Source "ChessBase"]
[SourceDate "2022.10.05"]
[SourceVersion "1"]
[SourceVersionDate "2022.10.05"]
[SourceQuality "1"]
[WhiteTeam "Erkenschwick"]
[BlackTeam "Essen Katernberg"]
[WhiteTeamCountry "GER"]
[BlackTeamCountry "GER"]

1. e4 c5 2. Nf3 d6 3. Bb5+ Nd7 4. d4 cxd4 5. Qxd4 a6 6. Bxd7+ Bxd7 7. c4 Nf6 8. Nc3 Rc8 9. 0-0 e5 10. Qd3 Qc7 11. b3 b5 12. Nd2 Be7 13. a4 bxc4 14. Nxc4 0-0 15. Bg5 Be6 16. Bxf6 Bxc4 17. bxc4 Bxf6 18. Nd5 Qxc4 19. Nxf6+ gxf6 20. Qxd6 Rc6 21. Qe7 Rfc8 22. Ra3 Qe6 23. Rg3+ Kh8 24. Qa3 Rc4 25. h3 Rxe4 26. Rb1 Rd4 27. Rb7 Rd7 28. Rb4 f5 29. Qb2 f6 30. Rb6 Rd6 31. Rb7 Rg8 32. Qc1 Rd7 33. Rxg8+ Kxg8 34. Qc8+ Kf7 35. Rxd7+ Kg6 36. Rg7+ Kxg7 37. Qxe6 1-0

[Event "Oberliga NRW 1819"]
[Site "Germany"]
[Date "2019.05.12"]
[Round "9.5"]
[White "Van Beek, Alexander"]
[Black "Muschik, Benedikt"]
[Result "0-1"]
[WhiteElo "2281"]
[BlackElo "2289"]
[PlyCount "125"]
[EventDate "2018.09.16"]
[EventType "team-tourn"]
[EventRounds "9"]
[EventCountry "GER"]
[SourceTitle "EXT 2020"]
[Source "ChessBase"]
[SourceDate "2019.10.17"]
[SourceVersion "1"]
[SourceVersionDate "2019.10.17"]
[SourceQuality "1"]
[WhiteTeam "Erkenschwick"]
[BlackTeam "Muenster"]
[WhiteTeamCountry "GER"]
[BlackTeamCountry "GER"]

1. e4 g6 2. d4 Bg7 3. Nc3 d6 4. f4 a6 5. Nf3 b5 6. Bd3 Nd7 7. Be3 Bb7 8. e5 Nh6 9. Qe2 e6 10. Be4 Qc8 11. Bf2 d5 12. Bd3 c5 13. dxc5 Nxc5 14. a3 0-0 15. 0-0 Qc7 16. Nd4 Rae8 17. g4 f6 18. exf6 Rxf6 19. Ndxb5 axb5 20. Bxb5 Ref8 21. g5 Rxf4 22. Bg3 Rxf1+ 23. Rxf1 Rxf1+ 24. Qxf1 Qb6 25. gxh6 Ne4+ 26. Kg2 d4 27. Nxe4 Bxe4+ 28. Kg1 d3+ 29. Bf2 Qxb5 30. hxg7 Qg5+ 31. Bg3 Qe3+ 32. Bf2 Qg5+ 33. Bg3 Qe3+ 34. Bf2 Qf3 35. Be1 Qh1+ 36. Kf2 Qxh2+ 37. Ke3 Bf5 38. cxd3 Qxb2 39. Bb4 Kxg7 40. d4 Qb3+ 41. Kf2 Qb2+ 42. Ke3 Qb3+ 43. Kf2 Qd5 44. Bc5 g5 45. Qe2 Be4 46. Qh5 Qf5+ 47. Ke2 Bc6 48. Kd2 Bb5 49. Qh2 Kg6 50. Qb8 Qd3+ 51. Kc1 Qc3+ 52. Kd1 Qa1+ 53. Kc2 Ba4+ 54. Kd2 Qd1+ 55. Ke3 Qc1+ 56. Kf2 Qd2+ 57. Kf1 Kh5 58. Qb7 Qd3+ 59. Kf2 Qd2+ 60. Kf1 Qf4+ 61. Ke2 Qg4+ 62. Kf2 Kg6 63. Qb1+ 0-1

[Event "Oberliga NRW 1819"]
[Site "Germany"]
[Date "2019.01.13"]
[Round "5.3"]
[White "Van Beek, Alexander"]
[Black "Welzel, Philipp"]
[Result "0-1"]
[WhiteElo "2281"]
[BlackElo "2229"]
[PlyCount "98"]
[EventDate "2018.09.16"]
[EventType "team-tourn"]
[EventRounds "9"]
[EventCountry "GER"]
[SourceTitle "EXT 2020"]
[Source "ChessBase"]
[SourceDate "2019.10.17"]
[SourceVersion "1"]
[SourceVersionDate "2019.10.17"]
[SourceQuality "1"]
[WhiteTeam "Erkenschwick"]
[BlackTeam "Dinslaken"]
[WhiteTeamCountry "GER"]
[BlackTeamCountry "GER"]

1. e4 e5 2. Nf3 Nc6 3. Bc4 Bc5 4. 0-0 Nf6 5. d3 d6 6. c3 a6 7. Bb3 Ba7 8. Nbd2 h6 9. Re1 0-0 10. h3 Re8 11. Nf1 Be6 12. Be3 Bxe3 13. Nxe3 Qd7 14. Bxe6 Qxe6 15. c4 Nd8 16. d4 c6 17. d5 Qd7 18. c5 cxd5 19. Nxd5 Nxd5 20. Qxd5 Nc6 21. Rad1 Re6 22. Rd2 Rd8 23. Red1 Qc7 24. Qc4 dxc5 25. Qxc5 Rxd2 26. Rxd2 Qe7 27. Qxe7 Rxe7 28. Kf1 Kf8 29. Ke2 Ke8 30. a3 Rd7 31. Rd5 f6 32. Kd3 Rxd5+ 33. exd5 Ne7 34. Kc4 Kd7 35. Kc5 Nc8 36. Nh4 b6+ 37. Kc4 Ne7 38. a4 Kd6 39. g4 g5 40. Nf5+ Nxf5 41. gxf5 h5 42. f3 h4 43. Kd3 Kxd5 44. b3 e4+ 45. fxe4+ Ke5 46. Ke3 a5 47. Kd3 g4 48. hxg4 h3 49. g5 fxg5 0-1

[Event "Oberliga NRW 1819"]
[Site "Germany"]
[Date "2018.12.09"]
[Round "4.4"]
[White "Van Beek, Alexander"]
[Black "Bayer, Ernst Wolfgang"]
[Result "1-0"]
[WhiteElo "2281"]
[BlackElo "2256"]
[PlyCount "51"]
[EventDate "2018.09.16"]
[EventType "team-tourn"]
[EventRounds "9"]
[EventCountry "GER"]
[SourceTitle "EXT 2020"]
[Source "ChessBase"]
[SourceDate "2019.10.17"]
[SourceVersion "1"]
[SourceVersionDate "2019.10.17"]
[SourceQuality "1"]
[WhiteTeam "Erkenschwick"]
[BlackTeam "Koeln SF"]
[WhiteTeamCountry "GER"]
[BlackTeamCountry "GER"]

1. e4 d5 2. exd5 Qxd5 3. Nc3 Qd6 4. d4 Nf6 5. Nf3 c6 6. Ne5 Nbd7 7. Nc4 Qc7 8. Qf3 Nb6 9. Bf4 Qd7 10. Nxb6 axb6 11. 0-0-0 Qg4 12. Qe3 Qe6 13. d5 Qxe3+ 14. Bxe3 cxd5 15. Nxd5 Nxd5 16. Rxd5 e6 17. Bb5+ Ke7 18. Rd3 g6 19. Bxb6 Bh6+ 20. Kb1 e5 21. Re1 f6 22. Rc3 Bd2 23. Rc7+ Ke6 24. Rd1 Ba5 25. Bxa5 Rxa5 26. Rxc8 1-0

[Event "EU-Cup 34th"]
[Site "Porto Carras"]
[Date "2018.10.18"]
[Round "7.6"]
[White "Van Beek, Alexander"]
[Black "Christenson, Flemming"]
[Result "1/2-1/2"]
[WhiteElo "2281"]
[BlackElo "2202"]
[PlyCount "101"]
[EventDate "2018.10.12"]
[EventType "team-swiss"]
[EventRounds "7"]
[EventCountry "GRE"]
[SourceTitle "CBM 187"]
[Source "ChessBase"]
[SourceDate "2018.12.11"]
[SourceVersion "1"]
[SourceVersionDate "2018.12.11"]
[SourceQuality "1"]
[WhiteTeam "BSG"]
[BlackTeam "Nordstrand"]
[WhiteTeamCountry "NED"]
[BlackTeamCountry "NOR"]

1. e4 e6 2. d4 d5 3. Bd3 dxe4 4. Bxe4 Nf6 5. Bf3 c5 6. Ne2 cxd4 7. Qxd4 Nbd7 8. Ng3 Bc5 9. Qc3 0-0 10. 0-0 Qb6 11. Ne4 Nxe4 12. Bxe4 f5 13. Bf3 e5 14. Qc4+ Kh8 15. Nc3 e4 16. Be2 Bd6 17. Nd5 Qd8 18. Bf4 Ne5 19. Qc3 Ng6 20. Bxd6 Qxd6 21. Rfd1 Nf4 22. Bc4 Nxd5 23. Rxd5 Qc7 24. Qd4 Be6 25. Rc5 Qb6 26. Bxe6 Qxe6 27. Rd1 Rac8 28. g3 b6 29. Rd5 f4 30. Rd7 Qg6 31. Rd6 Qf5 32. Rd7 Qg6 33. Qd6 Qxd6 34. R1xd6 fxg3 35. hxg3 Rxc2 36. Rxa7 Rcxf2 37. Rdd7 h5 38. g4 Rf1+ 39. Kg2 R8f2+ 40. Kg3 Rf3+ 41. Kh4 Rh1+ 42. Kg5 Rg3 43. Rxg7 Rxg4+ 44. Kh6 Rxg7 45. Rxg7 h4 46. Re7 Rg1 47. Rxe4 h3 48. Re8+ Rg8 49. Re2 Rg2 50. Re8+ Rg8 51. Re2 1/2-1/2

[Event "EU-Cup 34th"]
[Site "Porto Carras"]
[Date "2018.10.14"]
[Round "3.6"]
[White "Van Beek, Alexander"]
[Black "Lalouette, Herve"]
[Result "1-0"]
[WhiteElo "2281"]
[BlackElo "1681"]
[PlyCount "25"]
[EventDate "2018.10.12"]
[EventType "team-swiss"]
[EventRounds "7"]
[EventCountry "GRE"]
[SourceTitle "CBM 187"]
[Source "ChessBase"]
[SourceDate "2018.12.11"]
[SourceVersion "1"]
[SourceVersionDate "2018.12.11"]
[SourceQuality "1"]
[WhiteTeam "BSG"]
[BlackTeam "Bois Colombes"]
[WhiteTeamCountry "NED"]
[BlackTeamCountry "FRA"]

1. e4 c5 2. Nf3 d6 3. Bb5+ Nd7 4. d4 cxd4 5. Qxd4 e5 6. Qd3 Be7 7. Nc3 Ngf6 8. Bg5 0-0 9. Bxd7 Qxd7 10. Rd1 a6 11. Bxf6 gxf6 12. Nd5 Rd8 13. Nb6 1-0

[Event "NED-chT 1718"]
[Site "Netherlands"]
[Date "2018.04.21"]
[Round "9.9"]
[White "Vedder, Henk"]
[Black "Van Beek, Alexander"]
[Result "0-1"]
[WhiteElo "2348"]
[BlackElo "2273"]
[PlyCount "114"]
[EventDate "2017.09.16"]
[EventType "team-tourn"]
[EventRounds "9"]
[EventCountry "NED"]
[SourceTitle "EXT 2019"]
[Source "ChessBase"]
[SourceDate "2018.10.10"]
[SourceVersion "1"]
[SourceVersionDate "2018.10.10"]
[SourceQuality "1"]
[WhiteTeam "En Passant"]
[BlackTeam "BSG"]
[WhiteTeamCountry "NED"]
[BlackTeamCountry "NED"]

1. e4 e5 2. Nf3 Nc6 3. Bc4 Bc5 4. c3 Nf6 5. d3 0-0 6. Bg5 Be7 7. 0-0 d6 8. a4 h6 9. Bh4 Nh5 10. Bg3 g6 11. d4 Bf6 12. Na3 Bg4 13. dxe5 Nxe5 14. Be2 Nxf3+ 15. Bxf3 Nxg3 16. hxg3 Be6 17. Bg4 Re8 18. Bxe6 Rxe6 19. Re1 Qe7 20. Nc2 Re8 21. Qf3 c6 22. a5 a6 23. Rad1 Kg7 24. Kf1 Re5 25. Qd3 Rxa5 26. f4 Ra2 27. Na3 b5 28. Re2 Qe6 29. Rde1 Rd8 30. Qe3 Qb3 31. e5 dxe5 32. fxe5 Bg5 33. Qf2 Qe6 34. Kg1 Be7 35. Nc2 Qd5 36. Ne3 Qe6 37. Nc2 Qd5 38. Ne3 Qe6 39. Nc2 c5 40. Ne3 Bg5 41. Nf1 Rd5 42. Qf3 a5 43. g4 Ra4 44. Re4 Rxe4 45. Qxe4 c4 46. Kh1 Rd3 47. Nh2 Bh4 48. Rf1 Qd5 49. Qf4 Bg5 50. Qf2 Rd2 51. Qg3 Qd3 52. Qxd3 cxd3 53. b4 a4 54. Nf3 Rc2 55. e6 fxe6 56. Nd4 Rc1 57. Nxe6+ Kg8 0-1

[Event "NRW Class1 1718"]
[Site "Germany"]
[Date "2018.01.28"]
[Round "5.4"]
[White "Van Beek, Alexander"]
[Black "Stanetzek, Carsten"]
[Result "1-0"]
[WhiteElo "2229"]
[BlackElo "2109"]
[PlyCount "75"]
[EventDate "2017.09.17"]
[EventType "team-tourn"]
[EventRounds "9"]
[EventCountry "GER"]
[SourceTitle "EXT 2019"]
[Source "ChessBase"]
[SourceDate "2018.10.10"]
[SourceVersion "1"]
[SourceVersionDate "2018.10.10"]
[SourceQuality "1"]
[WhiteTeam "Erkenschwick"]
[BlackTeam "Niederkassel"]
[WhiteTeamCountry "GER"]
[BlackTeamCountry "GER"]

1. e4 e5 2. Nf3 Nc6 3. Bc4 Bc5 4. 0-0 Nf6 5. d3 0-0 6. c3 d5 7. exd5 Nxd5 8. Re1 Bg4 9. Nbd2 Nb6 10. Bb5 Bd6 11. h3 Bh5 12. Ne4 Kh8 13. Ng3 Bg6 14. Bg5 f6 15. Be3 Ne7 16. d4 e4 17. Nh4 c6 18. Bf1 f5 19. Bg5 Qc7 20. c4 c5 21. b4 Bxg3 22. fxg3 cxb4 23. d5 Ng8 24. Bf4 Qf7 25. Nxg6+ Qxg6 26. c5 Nd7 27. Qd4 Ngf6 28. Be2 a5 29. c6 bxc6 30. dxc6 Nb8 31. Bb5 Nh5 32. Rac1 Nxf4 33. gxf4 Na6 34. c7 Rac8 35. Rc6 Qe8 36. Rec1 e3 37. Bxa6 e2 38. Qe5 1-0

[Event "NED-chT 1718"]
[Site "Netherlands"]
[Date "2017.11.04"]
[Round "3.7"]
[White "Van Beek, Alexander"]
[Black "Elgersma, Simon"]
[Result "1-0"]
[WhiteElo "2273"]
[BlackElo "2147"]
[PlyCount "35"]
[EventDate "2017.09.16"]
[EventType "team-tourn"]
[EventRounds "9"]
[EventCountry "NED"]
[SourceTitle "EXT 2019"]
[Source "ChessBase"]
[SourceDate "2018.10.10"]
[SourceVersion "1"]
[SourceVersionDate "2018.10.10"]
[SourceQuality "1"]
[WhiteTeam "BSG"]
[BlackTeam "SISSA"]
[WhiteTeamCountry "NED"]
[BlackTeamCountry "NED"]

1. e4 e6 2. d4 d5 3. Nd2 c5 4. exd5 Qxd5 5. Ngf3 cxd4 6. Bc4 Qd7 7. 0-0 Nc6 8. Nb3 a6 9. Nbxd4 Nxd4 10. Nxd4 Qc7 11. b3 Bd6 12. Nf3 Nf6 13. Bb2 Bd7 14. Qe2 Bc6 15. Ne5 0-0-0 16. Nxf7 Bxh2+ 17. Kh1 Qf4 18. Be5 1-0

[Event "NRW Class2 1617"]
[Site "Germany"]
[Date "2017.01.22"]
[Round "5.4"]
[White "Van Beek, Alexander"]
[Black "Soukup, Jiri"]
[Result "1/2-1/2"]
[WhiteElo "2285"]
[BlackElo "2380"]
[PlyCount "74"]
[EventDate "2016.09.25"]
[EventType "team-tourn"]
[EventRounds "9"]
[EventCountry "GER"]
[SourceTitle "EXT 2023"]
[Source "ChessBase"]
[SourceDate "2022.10.05"]
[SourceVersion "1"]
[SourceVersionDate "2022.10.05"]
[SourceQuality "1"]
[WhiteTeam "Erkenschwick"]
[BlackTeam "Letmathe"]
[WhiteTeamCountry "GER"]
[BlackTeamCountry "GER"]

1. e4 c5 2. Nf3 e6 3. g3 d5 4. exd5 exd5 5. Bg2 Qe7+ 6. Qe2 Nc6 7. Qxe7+ Bxe7 8. 0-0 Bf5 9. d3 Bf6 10. Nc3 0-0-0 11. Ng5 Bxg5 12. Bxg5 f6 13. Bd2 Nge7 14. Rfe1 Rd7 15. Ne2 g5 16. a3 d4 17. f4 g4 18. b4 b6 19. Rab1 Kc7 20. bxc5 bxc5 21. Rb5 Kd6 22. Reb1 Nc8 23. Bb4 Nxb4 24. axb4 Rc7 25. bxc5+ Rxc5 26. Nxd4 Bd7 27. Rxc5 Kxc5 28. Rb7 Kxd4 29. Rxd7+ Kc3 30. Rc7+ Kd2 31. d4 a5 32. c4 Nd6 33. Rc6 Nf5 34. d5 Rb8 35. d6 Rb1+ 36. Kf2 Ne3 37. d7 Nd1+ 1/2-1/2

[Event "Leiden op-A 10th"]
[Site "Leiden"]
[Date "2016.07.18"]
[Round "4"]
[White "Sukandar, Irine Kharisma"]
[Black "Van Beek, Alexander"]
[Result "1-0"]
[WhiteElo "2419"]
[BlackElo "2284"]
[PlyCount "87"]
[EventDate "2016.07.15"]
[EventType "swiss"]
[EventRounds "9"]
[EventCountry "NED"]
[SourceTitle "CBM 173 Extra"]
[Source "ChessBase"]
[SourceDate "2016.08.29"]
[SourceVersion "1"]
[SourceVersionDate "2016.08.29"]
[SourceQuality "1"]

1. e4 e5 2. Nf3 Nc6 3. Bc4 Bc5 4. c3 Nf6 5. d3 0-0 6. Bg5 h6 7. Bh4 Be7 8. Nbd2 d6 9. Bb3 Nh5 10. Bg3 Bf6 11. Nxe5 Nxe5 12. Bxe5 dxe5 13. Qxh5 Qxd3 14. 0-0-0 Be6 15. Bxe6 fxe6 16. Qg4 Rad8 17. h4 Qa6 18. Nb3 Qxa2 19. Qxe6+ Kh8 20. f3 Rxd1+ 21. Rxd1 Bxh4 22. Kc2 Qa6 23. Qxa6 bxa6 24. Rd7 Rf6 25. Rxc7 Rg6 26. g4 Rf6 27. Nd2 Be1 28. Nc4 Bg3 29. Ne3 g6 30. Rxa7 Rxf3 31. Nd5 Rf2+ 32. Kb3 h5 33. g5 Bh4 34. Nf6 Rxf6 35. gxf6 Bxf6 36. Rxa6 Kg7 37. Ra7+ Kf8 38. c4 Be7 39. Kc3 h4 40. Kd3 h3 41. Ke2 h2 42. Ra1 Bc5 43. Rh1 Bg1 44. Kf1 1-0

[Event "Leiden op-A 10th"]
[Site "Leiden"]
[Date "2016.07.17"]
[Round "3"]
[White "Van Beek, Alexander"]
[Black "Ikonnikov, Vyacheslav"]
[Result "1/2-1/2"]
[WhiteElo "2284"]
[BlackElo "2538"]
[PlyCount "63"]
[EventDate "2016.07.15"]
[EventType "swiss"]
[EventRounds "9"]
[EventCountry "NED"]
[SourceTitle "CBM 173 Extra"]
[Source "ChessBase"]
[SourceDate "2016.08.29"]
[SourceVersion "1"]
[SourceVersionDate "2016.08.29"]
[SourceQuality "1"]

1. Nf3 Nf6 2. c4 e6 3. g3 a6 4. Bg2 b5 5. b3 Bb7 6. Nc3 b4 7. Na4 Be7 8. 0-0 0-0 9. d4 a5 10. Ne5 Bxg2 11. Kxg2 d6 12. Nd3 Nbd7 13. Bb2 Nb6 14. Nxb6 cxb6 15. Re1 d5 16. Rc1 Rc8 17. f3 dxc4 18. bxc4 b5 19. cxb5 Qb6 20. Qa4 Rb8 21. Ne5 Qxb5 22. Qxb5 Rxb5 23. Nc6 Re8 24. a4 bxa3 25. Nxe7+ Rxe7 26. Rc8+ Re8 27. Rxe8+ Nxe8 28. Bxa3 f6 29. Rc1 Rb3 30. Ra1 Nc7 31. Bc1 Nb5 32. Rxa5 1/2-1/2

[Event "NED-chT 1516"]
[Site "Netherlands"]
[Date "2016.03.19"]
[Round "7.5"]
[White "Van Beek, Alexander"]
[Black "Van der Werf, Mark"]
[Result "1-0"]
[WhiteElo "2317"]
[BlackElo "2415"]
[PlyCount "103"]
[EventDate "2015.09.26"]
[EventType "team-tourn"]
[EventRounds "9"]
[EventCountry "NED"]
[SourceTitle "EXT 2017"]
[Source "ChessBase"]
[SourceDate "2016.10.25"]
[SourceVersion "1"]
[SourceVersionDate "2016.10.25"]
[SourceQuality "1"]
[WhiteTeam "BSG"]
[BlackTeam "Leiden LSG"]
[WhiteTeamCountry "NED"]
[BlackTeamCountry "NED"]

1. e4 d6 2. d4 Nf6 3. Nc3 g6 4. f4 Bg7 5. Nf3 0-0 6. Bd3 Nc6 7. e5 dxe5 8. fxe5 Nh5 9. Be3 Bg4 10. Be4 f6 11. exf6 Nxf6 12. Bxc6 bxc6 13. 0-0 Nd5 14. Nxd5 cxd5 15. h3 Bxf3 16. Rxf3 Qd6 17. Rxf8+ Rxf8 18. Qd2 e5 19. dxe5 Bxe5 20. Rd1 c6 21. c4 d4 22. Bxd4 Bf4 23. Qe2 Rd8 24. c5 Qd5 25. Qe7 Be5 26. Bxe5 Qxd1+ 27. Kh2 Qd7 28. Qf6 Rf8 29. Qh8+ Kf7 30. Qxh7+ Ke6 31. Qh6 Qf7 32. Bg3 Qf5 33. Qe3+ Kd5 34. Qd2+ Kc4 35. b3+ Kb5 36. Bc7 Ka6 37. Qa5+ Kb7 38. Bd6 Rc8 39. Qc3 Qf7 40. a4 Qd7 41. b4 g5 42. Qf3 g4 43. Qxg4 Qxg4 44. hxg4 Rg8 45. Kg3 Kc8 46. b5 cxb5 47. axb5 Kd7 48. Bf4 Ke6 49. b6 Rg7 50. Bc7 axb6 51. cxb6 Kd7 52. Be5 1-0

[Event "NED-chT 1516"]
[Site "Netherlands"]
[Date "2015.12.12"]
[Round "4.6"]
[White "Van Beek, Alexander"]
[Black "Lecomte, Robin"]
[Result "1-0"]
[WhiteElo "2317"]
[BlackElo "2318"]
[PlyCount "79"]
[EventDate "2015.09.26"]
[EventType "team-tourn"]
[EventRounds "9"]
[EventCountry "NED"]
[SourceTitle "CBM 169 Extra"]
[Source "ChessBase"]
[SourceDate "2015.12.18"]
[SourceVersion "1"]
[SourceVersionDate "2015.12.18"]
[SourceQuality "1"]
[WhiteTeam "BSG"]
[BlackTeam "Charlois Europoort"]
[WhiteTeamCountry "NED"]
[BlackTeamCountry "NED"]

1. e4 c5 2. Nf3 e6 3. g3 Nc6 4. Bg2 Nf6 5. Qe2 d6 6. 0-0 Qc7 7. c3 e5 8. Na3 g6 9. d3 Bg7 10. Nc4 0-0 11. Bg5 Be6 12. Bxf6 Bxf6 13. Ne3 b5 14. h4 h6 15. Nh2 b4 16. Nhg4 Bg7 17. Qf3 Qe7 18. Nf5 gxf5 19. exf5 h5 20. fxe6 fxe6 21. Qxc6 Rac8 22. Qe4 d5 23. Qg6 hxg4 24. c4 Rcd8 25. Qxg4 Qf6 26. Rac1 dxc4 27. Qxc4 Rd4 28. Qxc5 Rxd3 29. Qxb4 Bh6 30. Rc7 Qg6 31. Qe7 Rd2 32. Bh3 Kh8 33. h5 Qe4 34. Qxe6 Be3 35. Bg2 Rdxf2 36. Bxe4 Rc2+ 37. Rf2 Bxf2+ 38. Kg2 Rxc7 39. Qh6+ Kg8 40. Bd5+ 1-0